Language planning and policy : language planning in local contexts

Αποθηκεύτηκε σε:
Λεπτομέρειες βιβλιογραφικής εγγραφής
Άλλοι συγγραφείς: Liddicoat, Anthony, 1962- (Επιμελητής έκδοσης), Baldauf, Richard B., 1943- (Επιμελητής έκδοσης)
Μορφή: Βιβλίο
Γλώσσα:English
Δημοσίευση: Bristol ; Buffalo : Multilingual Matters, [c2008]
Σειρά:Language planning and policy
Θέματα:
Ετικέτες: Προσθήκη ετικέτας
Δεν υπάρχουν, Καταχωρήστε ετικέτα πρώτοι!

MARC

LEADER 00000cam a2200000 i 4500
001 1/6712
008 100420s2008 eng d
020 |a 978-1-84769-063-0 (hbk.) 
035 |l 10107607 
040 |a GR-MY-UA  |b gre  |e aacr 
041 0 |a eng 
082 0 |a 306.449  |2 (22) 
245 1 0 |a Language planning and policy :  |b language planning in local contexts /  |c edited by Anthony J. Liddicoat and Richard B. Baldauf Jr. 
260 |a Bristol ; Buffalo :   |b Multilingual Matters,   |c [c2008] 
300 |a 287 σ.;  |c 25 εκ. 
490 1 |a Language planning and policy 
504 |a Περιλαμβάνει βιβλιογραφίες και ευρετήριο 
650 0 0 |a Language policy. 
650 0 0 |a Language planning. 
700 1 |a Liddicoat, Anthony,   |d 1962-  |4 edt 
700 1 |a Baldauf, Richard B.,   |d 1943-  |4 edt 
830 0 |a Language planning and policy 
852 |a INST  |b RHODES  |e 20100420  |h 306.449 LAN  |p 005400032657  |q 005400032657  |t BK  |y 0 
901 |a BIBL4-2008-1 
909 |a Ρ  |b 159882 
970 |a ΚΟΖΑ  |b ΜΑΡΙΑ  |z 2010/04/20